| 000 | 01612nam a2200409Ii 4500 | ||
|---|---|---|---|
| 001 | DIGEDTERR0066 | ||
| 003 | NyNyDIG | ||
| 006 | m o d | ||
| 007 | cr ||||||||||| | ||
| 008 | 240103s2022 mx a ob 000 0 spa d | ||
| 035 | _a(OCoLC)1417821273 | ||
| 040 |
_aDGITA _beng _erda _epn _cDGITA |
||
| 020 |
_a9786077135500 _qeBook |
||
| 020 | _z9786077135487 | ||
| 050 | 1 | 4 | _aHQ755.8 ebook |
| 100 | 1 |
_aGaona, Elisa, _eauthor. |
|
| 245 | 1 | 0 |
_aCrianza sin gurús : _bguía y acompañamiento para padres primerizos y reincidentes : del "¡queremos tener un bebé!" hasta sus primeros pasos / _cElisa Gaona. |
| 246 | 3 | 0 | _aGuía y acompañamiento para padres primerizos y reincidentes |
| 250 | _aPrimera edición. | ||
| 264 | 1 |
_aMéxico, D.F. : _bEditorial Terracota : _bPAX, _c[2022] |
|
| 300 |
_a1 online resource : _billustrations. |
||
| 336 |
_atext _btxt _2rdacontent |
||
| 337 |
_acomputer _bc _2rdamedia |
||
| 338 |
_aonline resource _bcr _2rdacarrier |
||
| 347 |
_atext file _2rdaft |
||
| 347 | _bEPUB | ||
| 504 | _aIncludes bibliographical references. | ||
| 588 | 0 | _aOnline resource; title from ePub title page (Digitalia, viewed January 3, 2024) | |
| 650 | 0 | _aChild rearing. | |
| 650 | 0 | _aParenting. | |
| 791 | 2 |
_aDigitalia (Firm), _edistributor. |
|
| 793 | 0 |
_gDigitalia eBook Collection: _aEditorial Terracota |
|
| 776 | 0 | 8 |
_iPrint version: _aGaona, Elisa. _tCrianza sin gurús. _dMéxico, D.F. : Editorial Terracota : PAX, [2022] _z9786077135487 |
| 856 | 4 | 0 |
_3Digitalia Hispánica _uhttps://www.digitaliapublishing.com/a/123682/ |
| 910 | _aPremium collection: 2024 | ||
| 942 | _cRAA | ||
| 999 |
_c276404 _d276404 |
||